| 000 | 00437cam a2200157ua 4500 | ||
|---|---|---|---|
| 020 | _a8171300162 | ||
| 020 | _a9788171300167 | ||
| 082 |
_a894.812308 _bMUH/MA |
||
| 100 |
_aബഷീർ, വൈക്കം മുഹമ്മദ് _955 |
||
| 245 | _aമതിലുകൾ | ||
| 260 |
_aThrissur : _bCurrent Books , _c1965. |
||
| 300 | _a64 ; . | ||
| 650 |
_aMathilukal / _953 |
||
| 700 |
_aBasheer, Vaikom Muhammed _954 |
||
| 942 | _cBK | ||
| 999 |
_c673 _d673 |
||